00685nam a2200181 a 450000100100000000500170001000800410002702000150006804000250008308200190010810000260012724500730015326000670022630000210029358600540031495201180036899900170048600004314420201002040654.0140220s1994 sp 000 0 spa d a8488675119 aDO-SdBNPbspacBNPHU axxxxxxbxxxxxx1 aTorres, Raúl97070213aEl Caracol del Jardín Misterioso y otros Relatos /cRaúl Torres. aMadrid :bFundación de los ferrocarriles españoles,c1994. a106 p. ;c120 p. aXVIII premio narraciones breves "Antonio Machado" 0010507-18MOaGRbGRcOId2014-02-20iLF1l0oxxxxxx xxxxxxp43144-10r2020-06-25w2020-06-25y1ZNo se presta c42633d42633